[Event "HUN-chT2 Charousek 0708"]
[Site "Hungary"]
[Date "2008.03.02"]
[Round "7"]
[White "Tichy Racs, Balint"]
[Black "Kosztolanczi, Gyula"]
[Result "1/2-1/2"]
[WhiteElo "2036"]
[BlackElo "2191"]
[PlyCount "107"]
[EventDate "2007.10.14"]
[EventType "team"]
[EventRounds "11"]
[EventCountry "HUN"]
[SourceTitle "EXT 2009"]
[Source "ChessBase"]
[SourceDate "2008.11.26"]
[SourceVersion "1"]
[SourceVersionDate "2008.11.26"]
[SourceQuality "1"]
[WhiteTeam "Vizugy"]
[BlackTeam "Tapolca"]
[WhiteTeamCountry "HUN"]
[BlackTeamCountry "HUN"]

1. e4 d6 2. d4 Nf6 3. f3 Nbd7 4. Be3 e5 5. Bc4 Be7 6. Nc3 c6 7. a4 0-0 8. d5 cxd5 9. Nxd5 Nxd5 10. Bxd5 Bg5 11. Bf2 Nf6 12. Bb3 h5 13. Ne2 Be6 14. c4 Qa5+ 15. Nc3 Rac8 16. 0-0 Bxc4 17. Bxc4 Rxc4 18. Nb5 Rd8 19. Qe2 Rxa4 20. Rxa4 Qxa4 21. Bxa7 Rc8 22. Qd3 Rc2 23. Qd1 Qb3 24. Na3 Rxb2 25. Qxb3 Rxb3 26. Nc4 Ne8 27. Rd1 Be7 28. Bb8 Kf8 29. Kf2 Rb4 30. Nxd6 Nxd6 31. Bxd6 Bxd6 32. Rxd6 Rb2+ 33. Kg3 Ke7 34. Rd5 f6 35. f4 Rb3+ 36. Kf2 exf4 37. Rxh5 Ke6 38. Rf5 g6 39. Rxf4 Ke5 40. Rg4 g5 41. h4 gxh4 42. Rxh4 b5 43. g4 Kf4 44. Rh5 Rb2+ 45. Ke1 Ke3 46. Kd1 Kd3 47. Kc1 Rg2 48. Rxb5 Rg1+ 49. Kb2 Rg2+ 50. Kc1 Kxe4 51. Rf5 Rg1+ 52. Kc2 Rg2+ 53. Kc1 Rxg4 54. Rxf6 1/2-1/2

[Event "HUN-chT2 Charousek 0708"]
[Site "Hungary"]
[Date "2007.12.09"]
[Round "4"]
[White "Tichy Racs, Balint"]
[Black "Siroky, Jan"]
[Result "1/2-1/2"]
[WhiteElo "2036"]
[BlackElo "2228"]
[PlyCount "86"]
[EventDate "2007.10.14"]
[EventType "team"]
[EventRounds "11"]
[EventCountry "HUN"]
[SourceTitle "EXT 2009"]
[Source "ChessBase"]
[SourceDate "2008.11.26"]
[SourceVersion "1"]
[SourceVersionDate "2008.11.26"]
[SourceQuality "1"]
[WhiteTeam "Vizugy"]
[BlackTeam "Pannonpower"]
[WhiteTeamCountry "HUN"]
[BlackTeamCountry "HUN"]

1. e4 e6 2. d4 d5 3. e5 c5 4. c3 Qb6 5. Nf3 Bd7 6. Bd3 cxd4 7. cxd4 Nc6 8. 0-0 Nb4 9. Be2 Bb5 10. Bxb5+ Qxb5 11. Nc3 Qd7 12. a3 Nc6 13. b4 Nge7 14. Na4 b6 15. Bb2 g6 16. Nc3 Bh6 17. Qd3 0-0 18. g4 a6 19. h4 b5 20. Kg2 Bg7 21. g5 Nf5 22. h5 Qe7 23. Ne2 Rac8 24. Rh1 a5 25. bxa5 Nxa5 26. Ng3 Nc4 27. Nxf5 gxf5 28. Bc1 Ra8 29. Nh4 Rfb8 30. g6 b4 31. h6 fxg6 32. hxg7 b3 33. Qg3 b2 34. Nxg6 Qxg7 35. Ne7+ Kf7 36. Qxg7+ Kxg7 37. Bxb2 Rxb2 38. Rag1 Ne3+ 39. Kg3 Ng4 40. f3 Rxa3 41. Kf4 Rf2 42. Nxf5+ exf5 43. Kxf5 Raxf3+ 1/2-1/2

[Event "HUN-chT2 Charousek 0708"]
[Site "Hungary"]
[Date "2007.11.25"]
[Round "3"]
[White "Tichy Racs, Balint"]
[Black "Boronyak, Arpad"]
[Result "1-0"]
[WhiteElo "2036"]
[BlackElo "2274"]
[PlyCount "55"]
[EventDate "2007.10.14"]
[EventType "team"]
[EventRounds "11"]
[EventCountry "HUN"]
[SourceTitle "EXT 2009"]
[Source "ChessBase"]
[SourceDate "2008.11.26"]
[SourceVersion "1"]
[SourceVersionDate "2008.11.26"]
[SourceQuality "1"]
[WhiteTeam "Vizugy"]
[BlackTeam "Csuti II"]
[WhiteTeamCountry "HUN"]
[BlackTeamCountry "HUN"]

1. e4 c5 2. Nf3 e6 3. c3 Nf6 4. e5 Nd5 5. d4 cxd4 6. cxd4 d6 7. Bc4 Nc6 8. 0-0 Be7 9. Re1 0-0 10. Nc3 Nxc3 11. bxc3 Qc7 12. Bd3 dxe5 13. dxe5 b6 14. Qe2 Bb7 15. Ng5 h6 16. Qe4 g6 17. Nxf7 Rxf7 18. Qxg6+ Kf8 19. Bxh6+ Ke8 20. Qg8+ Bf8 21. Bg6 Qe7 22. Bxf8 Qxf8 23. Bxf7+ Ke7 24. Qxf8+ Rxf8 25. Bh5 Na5 26. Be2 Rf5 27. Bd3 Rg5 28. g3 1-0

[Event "HUN-chT2 Maroczy 0506"]
[Site "Hungary"]
[Date "2006.02.26"]
[Round "8"]
[White "Tichy Racs, Balint"]
[Black "Lovas, Zsolt"]
[Result "1/2-1/2"]
[WhiteElo "2025"]
[BlackElo "2104"]
[PlyCount "26"]
[EventDate "2005.10.16"]
[EventType "team"]
[EventRounds "11"]
[EventCountry "HUN"]
[SourceTitle "EXT 2009"]
[Source "ChessBase"]
[SourceDate "2008.11.26"]
[SourceVersion "1"]
[SourceVersionDate "2008.11.26"]
[SourceQuality "1"]
[WhiteTeam "Vizugy"]
[BlackTeam "Honved II"]
[WhiteTeamCountry "HUN"]
[BlackTeamCountry "HUN"]

1. e4 c6 2. d4 d5 3. Nc3 dxe4 4. Nxe4 Nd7 5. Bc4 Ngf6 6. Ng5 e6 7. Qe2 Nb6 8. Bd3 h6 9. Ne4 Nxe4 10. Qxe4 Qd5 11. Nf3 Qxe4+ 12. Bxe4 Bd6 13. 0-0 0-0 1/2-1/2

[Event "HUN-chT2 Maroczy 0506"]
[Site "Hungary"]
[Date "2005.11.27"]
[Round "4"]
[White "Tichy Racs, Balint"]
[Black "Nagy, Kalman"]
[Result "0-1"]
[WhiteElo "2238"]
[BlackElo "2158"]
[PlyCount "76"]
[EventDate "2005.10.16"]
[EventType "team"]
[EventRounds "11"]
[EventCountry "HUN"]
[SourceTitle "EXT 2009"]
[Source "ChessBase"]
[SourceDate "2008.11.26"]
[SourceVersion "1"]
[SourceVersionDate "2008.11.26"]
[SourceQuality "1"]
[WhiteTeam "Vizugy"]
[BlackTeam "Miskolc EMSE"]
[WhiteTeamCountry "HUN"]
[BlackTeamCountry "HUN"]

1. e4 e5 2. Nf3 Nc6 3. Bc4 Bc5 4. c3 d6 5. d4 exd4 6. cxd4 Bb4+ 7. Nc3 Nf6 8. d5 Bxc3+ 9. bxc3 Ne7 10. 0-0 0-0 11. Qc2 Ng6 12. Bd3 Qe7 13. c4 b6 14. Bb2 Re8 15. Rae1 Ng4 16. e5 dxe5 17. Bxg6 hxg6 18. h3 Bf5 19. Qc3 Nf6 20. Nxe5 Ne4 21. Nxg6 fxg6 22. Rxe4 Bxe4 23. Re1 Qf7 24. Re3 Re7 25. Ba3 Ree8 26. Bb2 c5 27. dxc6 Bxc6 28. Rg3 Re6 29. h4 Rf8 30. f3 Qf6 31. Qb3 Re1+ 32. Kf2 Qe6 33. Rg4 Qxg4 34. Kxe1 Qxh4+ 35. Kf1 Re8 36. Qc3 Qe7 37. Kf2 Qe2+ 38. Kg3 Qe1+ 0-1

[Event "HUN-chT2 Maroczy 0405"]
[Site "Hungary"]
[Date "2005.02.06"]
[Round "7"]
[White "Tichy Racs, Balint"]
[Black "Remecz, Bela"]
[Result "1/2-1/2"]
[WhiteElo "1975"]
[BlackElo "2148"]
[PlyCount "20"]
[EventDate "2004.09.26"]
[EventType "team"]
[EventRounds "11"]
[EventCountry "HUN"]
[SourceTitle "EXT 2008"]
[Source "ChessBase"]
[SourceDate "2007.11.25"]
[SourceVersion "1"]
[SourceVersionDate "2007.11.25"]
[SourceQuality "1"]
[WhiteTeam "Vizugy"]
[BlackTeam "Dunaharaszti"]
[WhiteTeamCountry "HUN"]
[BlackTeamCountry "HUN"]

1. e4 e6 2. d4 d5 3. e5 c5 4. c3 Nc6 5. Nf3 Nge7 6. Bd3 Nf5 7. Bxf5 exf5 8. 0-0 cxd4 9. cxd4 Be7 10. Nc3 Be6 1/2-1/2

[Event "HUN-chT2 Maroczy 0405"]
[Site "Hungary"]
[Date "2005.01.23"]
[Round "6"]
[White "Ecsedi, Sandor"]
[Black "Tichy Racs, Balint"]
[Result "0-1"]
[WhiteElo "2087"]
[BlackElo "1975"]
[PlyCount "64"]
[EventDate "2004.09.26"]
[EventType "team"]
[EventRounds "11"]
[EventCountry "HUN"]
[SourceTitle "EXT 2008"]
[Source "ChessBase"]
[SourceDate "2007.11.25"]
[SourceVersion "1"]
[SourceVersionDate "2007.11.25"]
[SourceQuality "1"]
[WhiteTeam "Biogal"]
[BlackTeam "Vizugy"]
[WhiteTeamCountry "HUN"]
[BlackTeamCountry "HUN"]

1. e4 c5 2. Nc3 Nc6 3. g3 g6 4. Bg2 Bg7 5. d3 d6 6. Be3 e5 7. Qd2 Nge7 8. Bh6 0-0 9. h4 Bxh6 10. Qxh6 f6 11. 0-0-0 Rb8 12. Qe3 Nd4 13. f4 b5 14. h5 b4 15. Nce2 Qa5 16. Kb1 Be6 17. Nc1 b3 18. cxb3 Bxb3 19. Nxb3 Nxb3 20. axb3 Rxb3 21. Rd2 c4 22. Bh3 f5 23. Rhh2 Rfb8 24. Ne2 Ra3 25. Nc1 Ra1+ 26. Kc2 Qa4+ 27. b3 cxb3+ 28. Kd1 b2+ 29. Ke2 bxc1Q 30. Kf3 Qd4 31. Qe2 gxh5 32. exf5 Qc6+ 0-1

[Event "HUN-chT U20"]
[Site "Budapest"]
[Date "2004.12.29"]
[Round "5"]
[White "Manyoki, Anna"]
[Black "Tichy Racs, Balint"]
[Result "0-1"]
[WhiteElo "1836"]
[BlackElo "1975"]
[PlyCount "98"]
[EventDate "2004.12.27"]
[EventType "team"]
[EventRounds "7"]
[EventCountry "HUN"]
[SourceTitle "EXT 2008"]
[Source "ChessBase"]
[SourceDate "2007.11.25"]
[SourceVersion "1"]
[SourceVersionDate "2007.11.25"]
[SourceQuality "1"]

1. e4 c5 2. c3 d5 3. exd5 Qxd5 4. d4 e6 5. a3 Nf6 6. Nf3 Nc6 7. Be3 cxd4 8. cxd4 a6 9. Nc3 Qd8 10. Bd3 Bd6 11. 0-0 0-0 12. Qe2 b5 13. Rac1 Bb7 14. Rfd1 Ne7 15. Bg5 Ned5 16. Ne5 Be7 17. Bb1 h6 18. Bh4 Rc8 19. Qd3 Nxc3 20. Rxc3 Rxc3 21. bxc3 Be4 22. Qe2 Bxb1 23. Nc6 Qd7 24. Nxe7+ Qxe7 25. Bxf6 Qxf6 26. Rxb1 Rc8 27. Qd3 Qe7 28. Ra1 Qc7 29. a4 Qxc3 30. Qxc3 Rxc3 31. axb5 axb5 32. Rb1 b4 33. g3 Rc4 34. Rd1 b3 35. Rb1 Rb4 36. Rb2 Kf8 37. Kf1 Ke7 38. Ke2 Kd6 39. Kd3 Kd5 40. Kc3 Rb8 41. Kd3 e5 42. dxe5 Kxe5 43. Ke3 g5 44. f3 f5 45. h3 Rb4 46. g4 Rb5 47. Rb1 b2 48. Kd2 fxg4 49. hxg4 Kd4 0-1

[Event "HUN-chT U20"]
[Site "Budapest"]
[Date "2004.12.28"]
[Round "2"]
[White "Tichy Racs, Balint"]
[Black "Remete, Zsuzsa"]
[Result "0-1"]
[WhiteElo "1975"]
[BlackElo "2086"]
[PlyCount "102"]
[EventDate "2004.12.27"]
[EventType "team"]
[EventRounds "7"]
[EventCountry "HUN"]
[SourceTitle "EXT 2008"]
[Source "ChessBase"]
[SourceDate "2007.11.25"]
[SourceVersion "1"]
[SourceVersionDate "2007.11.25"]
[SourceQuality "1"]

1. e4 c5 2. Nf3 d6 3. d4 Nf6 4. Bb5+ Bd7 5. Bxd7+ Qxd7 6. Nc3 cxd4 7. Nxd4 g6 8. 0-0 Bg7 9. Bg5 0-0 10. Re1 Nc6 11. Nxc6 Qxc6 12. Bxf6 Bxf6 13. Nd5 Bh4 14. g3 e6 15. gxh4 exd5 16. exd5 Qa4 17. h5 Qh4 18. Qf3 Rac8 19. Re4 Qg5+ 20. Rg4 Qxh5 21. c3 Rfe8 22. a3 Re5 23. Rd1 Rc5 24. Qg3 Rcxd5 25. Rxd5 Re1+ 26. Kg2 Qxd5+ 27. Kh3 Re5 28. Qf4 Rf5 29. Qe4 Qxe4 30. Rxe4 Rxf2 31. Rb4 b6 32. Kg3 Rd2 33. a4 Kg7 34. h4 h6 35. Kf3 g5 36. hxg5 hxg5 37. Rb5 Kg6 38. Ke3 Rc2 39. Rd5 Rxb2 40. Rxd6+ f6 41. Rd7 a5 42. Rd6 Kf5 43. Kf3 g4+ 44. Kg3 Kg5 45. Rd8 f5 46. Rg8+ Kf6 47. Rf8+ Ke6 48. Re8+ Kd5 49. Kf4 Rf2+ 50. Kg3 Rf3+ 51. Kg2 Rxc3 0-1

[Event "HUN-chT2 Breyer 0203"]
[Site "Hungary"]
[Date "2003.04.06"]
[Round "10"]
[White "Szecsi, Pal"]
[Black "Tichy Racs, Balint"]
[Result "1/2-1/2"]
[WhiteElo "2113"]
[BlackElo "1850"]
[PlyCount "57"]
[EventDate "2002.09.22"]
[EventType "team"]
[EventRounds "11"]
[EventCountry "HUN"]
[SourceTitle "EXT 2009"]
[Source "ChessBase"]
[SourceDate "2008.11.26"]
[SourceVersion "1"]
[SourceVersionDate "2008.11.26"]
[SourceQuality "1"]

1. e4 c6 2. d4 d5 3. Nc3 dxe4 4. Nxe4 Nd7 5. Bc4 Ngf6 6. f3 h6 7. Ne2 e6 8. Bf4 Nb6 9. Bb3 a5 10. a3 a4 11. Ba2 Nbd5 12. Bd2 Bd6 13. c4 Nxe4 14. fxe4 Qh4+ 15. g3 Qxe4 16. 0-0 Ne3 17. Bxe3 Qxe3+ 18. Kg2 0-0 19. Rf3 Qg5 20. Nc3 e5 21. Ne4 Qg6 22. Bb1 Bg4 23. Nf6+ Qxf6 24. Rxf6 Bxd1 25. Rxd6 exd4 26. Rxd4 Rfd8 27. Bh7+ Kxh7 28. Raxd1 Rxd4 29. Rxd4 1/2-1/2

[Event "HUN-chT2 Breyer 0203"]
[Site "Hungary"]
[Date "2003.03.02"]
[Round "8"]
[White "Mazak, Lajos"]
[Black "Tichy Racs, Balint"]
[Result "1-0"]
[WhiteElo "2003"]
[BlackElo "1850"]
[PlyCount "97"]
[EventDate "2002.09.22"]
[EventType "team"]
[EventRounds "11"]
[EventCountry "HUN"]
[SourceTitle "EXT 2009"]
[Source "ChessBase"]
[SourceDate "2008.11.26"]
[SourceVersion "1"]
[SourceVersionDate "2008.11.26"]
[SourceQuality "1"]

1. d4 d5 2. c4 c6 3. Nc3 e6 4. e3 Nf6 5. Bd3 Bd6 6. Nf3 0-0 7. 0-0 Nbd7 8. e4 dxe4 9. Nxe4 Nxe4 10. Bxe4 f5 11. Bc2 c5 12. Re1 Nf6 13. dxc5 Bxc5 14. Qxd8 Rxd8 15. Bg5 h6 16. Be3 Bd6 17. Rad1 Bc7 18. Bd4 Bd7 19. Be5 Bxe5 20. Nxe5 Be8 21. f3 Nd7 22. Nxd7 Bxd7 23. Rd6 Kf7 24. c5 Rac8 25. Bb3 g6 26. Rxd7+ Rxd7 27. Bxe6+ Ke7 28. Bxf5+ Kd8 29. Bxd7 Kxd7 30. b4 a5 31. a3 axb4 32. axb4 Rc6 33. Kf2 Rf6 34. Re4 Kc6 35. Ke3 b6 36. cxb6 Kxb6 37. h4 Kb5 38. g4 Ra6 39. g5 hxg5 40. hxg5 Rc6 41. Kf4 Kb6 42. Kg4 Kc7 43. f4 Rc1 44. Re6 Rg1+ 45. Kf3 Rb1 46. Rxg6 Rxb4 47. Re6 Kd7 48. Re3 Rb6 49. Kg4 1-0

[Event "HUN-chT2 Breyer 0203"]
[Site "Hungary"]
[Date "2003.02.02"]
[Round "6"]
[White "Tichy Racs, Balint"]
[Black "Zahonyi, Abel Mark"]
[Result "1/2-1/2"]
[WhiteElo "1850"]
[BlackElo "1836"]
[PlyCount "52"]
[EventDate "2002.09.22"]
[EventType "team"]
[EventRounds "11"]
[EventCountry "HUN"]
[SourceTitle "EXT 2009"]
[Source "ChessBase"]
[SourceDate "2008.11.26"]
[SourceVersion "1"]
[SourceVersionDate "2008.11.26"]
[SourceQuality "1"]

1. e4 e6 2. Nf3 d5 3. Nc3 Nf6 4. exd5 exd5 5. d4 c6 6. Bd3 Bd6 7. 0-0 0-0 8. h3 h6 9. Re1 Be6 10. Ne5 Bxe5 11. dxe5 Nh7 12. Qh5 Qd7 13. Re3 Kh8 14. Rg3 f5 15. exf6 Rxf6 16. Bg5 Nxg5 17. Rxg5 Qf7 18. Bg6 Qf8 19. f3 Nd7 20. Re1 Bf7 21. Bxf7 Qxf7 22. Qxf7 Rxf7 23. Rg4 g5 24. Rd4 Nb6 25. b3 Kg7 26. Rd2 Rd8 1/2-1/2

[Event "HUN-chT2 Breyer 0203"]
[Site "Hungary"]
[Date "2003.01.19"]
[Round "5"]
[White "Tichy Racs, Balint"]
[Black "Papp, Jozsef"]
[Result "0-1"]
[WhiteElo "1850"]
[BlackElo "1893"]
[PlyCount "98"]
[EventDate "2002.09.22"]
[EventType "team"]
[EventRounds "11"]
[EventCountry "HUN"]
[SourceTitle "EXT 2009"]
[Source "ChessBase"]
[SourceDate "2008.11.26"]
[SourceVersion "1"]
[SourceVersionDate "2008.11.26"]
[SourceQuality "1"]

1. e4 c5 2. Nf3 Nc6 3. d4 cxd4 4. Nxd4 a6 5. c4 Qc7 6. Be2 e6 7. 0-0 Nf6 8. Nc3 Bb4 9. Bf3 Ne5 10. Bf4 Nxf3+ 11. Qxf3 Qxc4 12. Be5 Be7 13. Rac1 Qb4 14. Rc2 d6 15. a3 Qb6 16. Bxf6 Bxf6 17. Nde2 Bd7 18. Rd1 0-0 19. Kh1 Rac8 20. Qg3 Be7 21. Nf4 Qa5 22. b4 Qe5 23. Ng6 hxg6 24. Qxe5 dxe5 25. Rxd7 Rfd8 26. Rxe7 Rxc3 27. Re8+ Rxe8 28. Rxc3 Rd8 29. h3 Rd7 30. Rc8+ Kh7 31. f3 g5 32. Re8 Kg6 33. g4 Rd3 34. Kg2 Rxa3 35. Rb8 b5 36. Ra8 Ra4 37. Ra7 f5 38. Kf2 fxe4 39. fxe4 Kf6 40. Kf3 Rxb4 41. Rxa6 Rb3+ 42. Kg2 Re3 43. Rb6 Rxe4 44. Rxb5 Rf4 45. Kg3 e4 46. Rxg5 Rf3+ 47. Kh4 Rxh3+ 48. Kxh3 Kxg5 49. Kg3 e5 0-1

[Event "HUN-chT2 Breyer 0203"]
[Site "Hungary"]
[Date "2002.12.08"]
[Round "4"]
[White "Szabo, Lajos"]
[Black "Tichy Racs, Balint"]
[Result "1-0"]
[WhiteElo "2093"]
[BlackElo "1850"]
[PlyCount "113"]
[EventDate "2002.09.22"]
[EventType "team"]
[EventRounds "11"]
[EventCountry "HUN"]
[SourceTitle "EXT 2009"]
[Source "ChessBase"]
[SourceDate "2008.11.26"]
[SourceVersion "1"]
[SourceVersionDate "2008.11.26"]
[SourceQuality "1"]

1. d4 d5 2. c4 e6 3. Nc3 c6 4. e3 g6 5. Nf3 Bg7 6. Bd3 f5 7. h4 Nf6 8. Ng5 Ne4 9. Ngxe4 fxe4 10. Be2 Qf6 11. f4 h5 12. Bd2 Nd7 13. c5 Qe7 14. b4 Nf6 15. b5 Bd7 16. a4 0-0 17. 0-0 Kh7 18. Rb1 Rfc8 19. Qb3 Ne8 20. g3 Bf8 21. a5 Qf7 22. a6 bxa6 23. bxa6 Rc7 24. Na4 Bc8 25. Ba5 Rd7 26. Rb2 Be7 27. Rfb1 Bd8 28. Bxd8 Rxd8 29. Qc3 Qc7 30. Rb7 Bxb7 31. Rxb7 Qxb7 32. axb7 Rab8 33. Qa5 Rd7 34. Qxa7 Rdxb7 35. Qa6 Rc7 36. Nb6 Ng7 37. Bd1 Nf5 38. Kf1 Ne7 39. Bb3 Kg8 40. Qe2 Ra7 41. Qd1 Kf7 42. Qc2 Kg7 43. Qd1 Kf7 44. Bc2 Nf5 45. Ba4 Ne7 46. Qb3 Kg7 47. Kg2 Kf7 48. Kh3 Kg7 49. Qc3 Kf7 50. Bc2 Nf5 51. Bxe4 dxe4 52. Nc4 Rba8 53. Ne5+ Ke8 54. Qb3 Nxe3 55. Qxe3 Ra1 56. Qxe4 R8a2 57. Qxc6+ 1-0

[Event "Hungaropharma Cup"]
[Site "Budapest"]
[Date "2001.08.20"]
[Round "4.3"]
[White "Restas, Peter"]
[Black "Tichy Racs, Balint"]
[Result "1-0"]
[WhiteElo "2264"]
[BlackElo "1635"]
[PlyCount "113"]
[EventDate "2001.08.18"]
[EventType "team"]
[EventRounds "4"]
[EventCountry "HUN"]
[SourceTitle "EXT 2004"]
[Source "ChessBase"]
[SourceDate "2003.11.25"]
[SourceVersion "1"]
[SourceVersionDate "2003.11.25"]
[SourceQuality "1"]

1. d4 d5 2. c4 e6 3. Nc3 Nf6 4. Nf3 Be7 5. cxd5 exd5 6. Bg5 c6 7. Qc2 Nbd7 8. e3 h6 9. Bh4 Qc7 10. Bd3 a6 11. 0-0 0-0 12. Rac1 Bd6 13. Bf5 Kh8 14. Bxd7 Bxd7 15. Bxf6 gxf6 16. Nxd5 Qd8 17. Nc3 Rg8 18. Ne2 Bg4 19. Ng3 Bxf3 20. gxf3 Qd7 21. Kg2 Rae8 22. Rg1 h5 23. Kh1 Qh3 24. Qf5 Qxf5 25. Nxf5 Bb8 26. Rxg8+ Rxg8 27. f4 Kh7 28. Rg1 Rg6 29. Ne7 Rg7 30. Rxg7+ Kxg7 31. Kg2 Kf8 32. Nf5 Kg8 33. Kg3 Kh7 34. Kh4 Kg6 35. Ng3 f5 36. Nxh5 Bc7 37. Ng3 Ba5 38. Kh3 Be1 39. Kg2 Bd2 40. Kf1 Bc1 41. b3 b5 42. Ke2 Ba3 43. h4 Bb4 44. h5+ Kf6 45. a4 Bf8 46. Kd3 Ke6 47. f3 Bh6 48. e4 fxe4+ 49. Nxe4 a5 50. Ng5+ Kf6 51. d5 bxa4 52. dxc6 axb3 53. c7 Bxg5 54. fxg5+ Kxg5 55. c8Q Kxh5 56. Qf5+ Kh6 57. Qxa5 1-0